[Event "6. Esbjerg Efterår - Esbjergmesterskabet 2023"]
[Site "Rybners HTX"]
[Date "????.??.??"]
[Round "3.8"]
[White "Bruntse, Kathrine Lindegaard"]
[Black "Ladefoged, Simon Degnbøl"]
[Result "0-1"]
[WhiteElo "1711"]
[BlackElo "1863"]

1. d4 {[%clk 00:20:09]} Nf6 {[%clk 00:20:04]} {[%emt 00:00:06]} 2. c4 {[%clk
00:20:12]} {[%emt 00:00:02]} e6 {[%clk 00:20:04]} {[%emt 00:00:05]} 3. Nf3
{[%clk 00:20:15]} {[%emt 00:00:03]} d5 {[%clk 00:20:06]} {[%emt 00:00:03]} 4.
Nc3 {[%clk 00:20:17]} {[%emt 00:00:03]} Nbd7 {[%clk 00:19:58]} {[%emt
00:00:13]} 5. Bf4 {[%clk 00:19:46]} {[%emt 00:00:36]} c6 {[%clk 00:19:40]}
{[%emt 00:00:22]} 6. e3 {[%clk 00:19:24]} {[%emt 00:00:27]} Be7 {[%clk
00:18:56]} {[%emt 00:00:48]} 7. h3 {[%clk 00:19:12]} {[%emt 00:00:18]} O-O
{[%clk 00:18:49]} {[%emt 00:00:11]} 8. Bd3 {[%clk 00:18:34]} {[%emt 00:00:44]}
dxc4 {[%clk 00:18:33]} {[%emt 00:00:21]} 9. Bxc4 {[%clk 00:18:36]} {[%emt
00:00:02]} Nb6 {[%clk 00:18:35]} {[%emt 00:00:03]} 10. Bd3 {[%clk 00:18:06]}
{[%emt 00:00:35]} Nbd5 {[%clk 00:17:13]} {[%emt 00:01:28]} 11. Bg3 {[%clk
00:17:08]} {[%emt 00:01:03]} b6 {[%clk 00:14:53]} {[%emt 00:02:25]} 12. O-O
{[%clk 00:15:29]} {[%emt 00:01:44]} Bb7 {[%clk 00:14:33]} {[%emt 00:00:24]} 13.
e4 {[%clk 00:11:59]} {[%emt 00:03:36]} Nxc3 {[%clk 00:13:19]} {[%emt 00:01:18]}
14. bxc3 {[%clk 00:12:00]} {[%emt 00:00:04]} c5 {[%clk 00:13:15]} {[%emt
00:00:09]} 15. Re1 {[%clk 00:11:04]} {[%emt 00:01:02]} cxd4 {[%clk 00:12:16]}
{[%emt 00:01:05]} 16. cxd4 {[%clk 00:11:01]} {[%emt 00:00:08]} Qd7 {[%clk
00:10:56]} {[%emt 00:01:24]} 17. Qb3 {[%clk 00:08:48]} {[%emt 00:02:19]} Rfc8
{[%clk 00:10:02]} {[%emt 00:00:58]} 18. Rad1 {[%clk 00:07:24]} {[%emt
00:01:31]} g6 {[%clk 00:09:02]} {[%emt 00:01:04]} 19. Bb1 {[%clk 00:05:24]}
{[%emt 00:02:06]} Nh5 {[%clk 00:07:53]} {[%emt 00:01:13]} 20. Bh2 {[%clk
00:04:53]} {[%emt 00:00:36]} Bd6 {[%clk 00:07:26]} {[%emt 00:00:33]} 21. Ne5
{[%clk 00:02:56]} {[%emt 00:02:02]} Qe7 {[%clk 00:06:49]} {[%emt 00:00:41]} 22.
d5 {[%clk 00:02:03]} {[%emt 00:01:00]} Qc7 {[%clk 00:04:48]} {[%emt 00:02:05]}
23. Qb2 {[%clk 00:01:01]} {[%emt 00:01:07]} exd5 {[%clk 00:04:01]} {[%emt
00:00:53]} 24. exd5 {[%clk 00:00:56]} {[%emt 00:00:10]} f6 {[%clk 00:03:07]}
{[%emt 00:00:59]} 25. Nf3 {[%clk 00:00:54]} {[%emt 00:00:07]} Bxh2+ {[%clk
00:03:08]} {[%emt 00:00:03]} 26. Nxh2 {[%clk 00:00:58]} {[%emt 00:00:02]} Qf7
{[%clk 00:02:51]} {[%emt 00:00:21]} 27. d6 {[%clk 00:00:39]} {[%emt 00:00:25]}
Re8 {[%clk 00:02:27]} {[%emt 00:00:28]} 28. Rxe8+ {[%clk 00:00:35]} {[%emt
00:00:10]} Rxe8 {[%clk 00:02:23]} {[%emt 00:00:09]} 29. d7 {[%clk 00:00:26]}
{[%emt 00:00:15]} Rd8 {[%clk 00:02:11]} {[%emt 00:00:16]} 30. Qb5 {[%clk
00:00:19]} {[%emt 00:00:13]} Nf4 {[%clk 00:01:21]} {[%emt 00:00:54]} 31. Nf3
{[%clk 00:00:10]} {[%emt 00:00:15]} Nxh3+ {[%clk 00:01:01]} {[%emt 00:00:23]}
32. gxh3 {[%clk 00:00:12]} {[%emt 00:00:04]} Bxf3 {[%clk 00:01:04]} {[%emt
00:00:02]} 33. Rd2 {[%clk 00:00:10]} {[%emt 00:00:08]} Qe6 {[%clk 00:00:48]}
{[%emt 00:00:20]} 34. Qb3 {[%clk 00:00:08]} {[%emt 00:00:08]} Qxb3 {[%clk
00:00:43]} {[%emt 00:00:10]} 35. axb3 {[%clk 00:00:12]} {[%emt 00:00:01]} Bc6
{[%clk 00:00:44]} {[%emt 00:00:03]} 36. Rd6 {[%clk 00:00:09]} {[%emt 00:00:09]}
Bb5 {[%clk 00:00:33]} {[%emt 00:00:16]} 37. Rxf6 {[%clk 00:00:09]} {[%emt
00:00:05]} Rxd7 {[%clk 00:00:35]} {[%emt 00:00:02]} 38. Be4 {[%clk 00:00:12]}
{[%emt 00:00:02]} Kg7 {[%clk 00:00:37]} {[%emt 00:00:04]} 39. Rf3 {[%clk
00:00:15]} {[%emt 00:00:02]} Rd1+ {[%clk 00:00:40]} {[%emt 00:00:01]} 40. Kg2
{[%clk 00:00:16]} {[%emt 00:00:04]} Rd4 {[%clk 00:00:40]} {[%emt 00:00:04]} 41.
Bb7 {[%clk 00:00:19]} {[%emt 00:00:04]} Rd7 {[%clk 00:00:39]} {[%emt 00:00:05]}
42. Be4 {[%clk 00:00:22]} {[%emt 00:00:02]} a5 {[%clk 00:00:41]} {[%emt
00:00:02]} 43. Rc3 {[%clk 00:00:24]} {[%emt 00:00:04]} Re7 {[%clk 00:00:42]}
{[%emt 00:00:03]} 44. Bf3 {[%clk 00:00:28]} {[%emt 00:00:02]} Bd7 {[%clk
00:00:45]} {[%emt 00:00:02]} 45. Rc7 {[%clk 00:00:31]} {[%emt 00:00:02]} Kf6
{[%clk 00:00:47]} {[%emt 00:00:02]} 46. Rc3 {[%clk 00:00:34]} {[%emt 00:00:03]}
Be6 {[%clk 00:00:51]} {[%emt 00:00:01]} 47. Rc6 {[%clk 00:00:29]} {[%emt
00:00:11]} b5 {[%clk 00:00:51]} {[%emt 00:00:05]} 48. Rc5 {[%clk 00:00:27]}
{[%emt 00:00:07]} Bd7 {[%clk 00:00:51]} {[%emt 00:00:04]} 49. Be2 {[%clk
00:00:29]} {[%emt 00:00:03]} Re5 {[%clk 00:00:53]} {[%emt 00:00:04]} 50. Rxe5
{[%clk 00:00:31]} {[%emt 00:00:03]} Kxe5 {[%clk 00:00:56]} {[%emt 00:00:02]} 51.
Kf3 {[%clk 00:00:34]} {[%emt 00:00:02]} a4 {[%clk 00:00:58]} {[%emt 00:00:03]}
52. bxa4 {[%clk 00:00:36]} {[%emt 00:00:03]} bxa4 {[%clk 00:01:02]} {[%emt
00:00:01]} 53. Bc4 {[%clk 00:00:39]} {[%emt 00:00:02]} Bxh3 {[%clk 00:01:05]}
{[%emt 00:00:02]} 54. Ke3 {[%clk 00:00:41]} {[%emt 00:00:03]} Be6 {[%clk
00:01:06]} {[%emt 00:00:03]} 55. Kd3 {[%clk 00:00:39]} {[%emt 00:00:07]} Bxc4+
{[%clk 00:01:10]} {[%emt 00:00:01]} 56. Kxc4 {[%clk 00:00:43]} {[%emt
00:00:01]} h5 {[%clk 00:01:14]} 57. Kb4 {[%clk 00:00:47]} {[%emt 00:00:01]} h4
{[%clk 00:01:18]} 58. Kxa4 {[%clk 00:00:51]} {[%emt 00:00:01]} h3 {[%clk
00:01:22]} 0-1

[ePGN "0.1;DGT LiveChess/2.2.5"]

[Event "6. Esbjerg Efterår - Esbjergmesterskabet 2023"]
[Site "Rybners HTX"]
[Date "2023.10.21"]
[Round "4.1"]
[White "Hansen, Lars"]
[Black "Ramsdal, Jens Albert"]
[Result "1/2-1/2"]
[WhiteElo "2229"]
[BlackElo "2408"]

1. d4 {[%clk 01:30:47]} {[%emt 00:00:13]} Nf6 {[%clk 01:30:54]} {[%emt
00:00:06]} 2. Bg5 {[%clk 01:31:09]} {[%emt 00:00:08]} d5 {[%clk 01:31:18]}
{[%emt 00:00:06]} 3. e3 {[%clk 01:31:23]} {[%emt 00:00:16]} c5 {[%clk
01:29:58]} {[%emt 00:01:50]} 4. Bxf6 {[%clk 01:31:17]} {[%emt 00:00:35]} gxf6
{[%clk 01:30:20]} {[%emt 00:00:08]} 5. Nc3 {[%clk 01:31:05]} {[%emt 00:00:43]}
cxd4 {[%clk 01:30:07]} {[%emt 00:00:43]} 6. exd4 {[%clk 01:31:25]} {[%emt
00:00:09]} Bf5 {[%clk 01:30:01]} {[%emt 00:00:36]} 7. Nge2 {[%clk 01:09:13]}
{[%emt 00:22:42]} e6 {[%clk 01:26:16]} {[%emt 00:04:15]} 8. Ng3 {[%clk
01:09:01]} {[%emt 00:00:42]} Bg6 {[%clk 01:26:18]} {[%emt 00:00:27]} 9. h4
{[%clk 01:09:14]} {[%emt 00:00:17]} h5 {[%clk 01:21:36]} {[%emt 00:05:12]} 10.
Bd3 {[%clk 01:08:42]} {[%emt 00:01:03]} f5 {[%clk 01:17:01]} {[%emt 00:05:04]}
11. Qf3 {[%clk 00:36:11]} {[%emt 00:33:00]} Bd6 {[%clk 01:09:14]} {[%emt
00:08:18]} 12. O-O-O {[%clk 00:31:00]} {[%emt 00:05:41]} Nc6 {[%clk 01:02:57]}
{[%emt 00:06:47]} 13. Rhe1 {[%clk 00:11:38]} {[%emt 00:19:53]} Kf8 {[%clk
01:00:47]} {[%emt 00:02:39]} 14. Bxf5 {[%clk 00:03:41]} {[%emt 00:08:27]} exf5
{[%clk 00:53:45]} {[%emt 00:07:33]} 15. Nxf5 {[%clk 00:02:26]} {[%emt
00:01:44]} Ne7 {[%clk 00:48:52]} {[%emt 00:05:23]} 16. Nxd6 {[%clk 00:01:32]}
{[%emt 00:01:24]} Qxd6 {[%clk 00:48:23]} {[%emt 00:01:00]} 17. Re5 {[%clk
00:01:59]} {[%emt 00:00:02]} Nc6 {[%clk 00:29:07]} {[%emt 00:19:46]} 18. Rxd5
{[%clk 00:02:08]} {[%emt 00:00:21]} Qe7 {[%clk 00:29:35]} {[%emt 00:00:02]} 19.
Rg5 {[%clk 00:02:01]} {[%emt 00:00:36]} Kg7 {[%clk 00:28:15]} {[%emt 00:01:50]}
20. Nd5 {[%clk 00:01:44]} {[%emt 00:00:47]} Qd6 {[%clk 00:28:11]} {[%emt
00:00:33]} 21. Nf4 {[%clk 00:00:59]} {[%emt 00:01:15]} Rac8 {[%clk 00:23:57]}
{[%emt 00:04:45]} 22. Qg3 {[%clk 00:00:38]} {[%emt 00:00:52]} Qf6 {[%clk
00:21:50]} {[%emt 00:02:36]} 23. c3 {[%clk 00:00:33]} {[%emt 00:00:35]} Rh6
{[%clk 00:17:46]} {[%emt 00:04:33]} 24. f3 {[%clk 00:00:34]} {[%emt 00:00:30]}
Nxd4 {[%clk 00:15:24]} {[%emt 00:02:52]} 25. Rxd4 {[%clk 00:00:33]} {[%emt
00:00:32]} Qxd4 {[%clk 00:15:11]} {[%emt 00:00:43]} 26. Rxg6+ {[%clk 00:00:55]}
{[%emt 00:00:08]} Rxg6 {[%clk 00:15:36]} {[%emt 00:00:05]} 27. Qxg6+ {[%clk
00:01:03]} {[%emt 00:00:21]} fxg6 {[%clk 00:16:02]} {[%emt 00:00:04]} 28. Ne6+
{[%clk 00:01:28]} {[%emt 00:00:05]} Kf6 {[%clk 00:16:15]} {[%emt 00:00:17]} 29.
Nxd4 {[%clk 00:01:53]} {[%emt 00:00:06]} Ke5 {[%clk 00:16:26]} {[%emt
00:00:18]} 30. g3 {[%clk 00:01:14]} {[%emt 00:01:10]} a6 {[%clk 00:16:36]}
{[%emt 00:00:19]} 31. Kd2 {[%clk 00:01:29]} {[%emt 00:00:15]} b5 {[%clk
00:16:45]} {[%emt 00:00:21]} 32. a3 {[%clk 00:01:46]} {[%emt 00:00:14]} Kd5
{[%clk 00:17:06]} {[%emt 00:00:07]} 33. Ke3 {[%clk 00:01:16]} {[%emt 00:01:02]}
Rf8 {[%clk 00:16:32]} {[%emt 00:01:03]} 34. Kd3 {[%clk 00:00:43]} {[%emt
00:01:04]} Re8 {[%clk 00:16:55]} {[%emt 00:00:06]} 35. Ne2 {[%clk 00:00:57]}
{[%emt 00:00:15]} Kc5 {[%clk 00:15:30]} {[%emt 00:01:56]} 36. b3 {[%clk
00:00:38]} {[%emt 00:00:50]} Rd8+ {[%clk 00:15:42]} {[%emt 00:00:17]} 37. Kc2
{[%clk 00:00:48]} {[%emt 00:00:20]} a5 {[%clk 00:14:51]} {[%emt 00:01:21]} 38.
Nf4 {[%clk 00:00:46]} {[%emt 00:00:32]} Rd6 {[%clk 00:14:04]} {[%emt 00:01:17]}
39. Nd3+ {[%clk 00:00:38]} {[%emt 00:00:39]} Kb6 {[%clk 00:14:28]} {[%emt
00:00:06]} 40. c4 {[%clk 00:00:35]} {[%emt 00:00:33]} bxc4 {[%clk 00:14:04]}
{[%emt 00:00:54]} 41. bxc4 {[%clk 00:01:00]} {[%emt 00:00:05]} Rf6 {[%clk
00:14:11]} {[%emt 00:00:21]} 42. f4 {[%clk 00:01:16]} {[%emt 00:00:14]} Re6
{[%clk 00:14:08]} {[%emt 00:00:32]} 43. Ne5 {[%clk 00:01:14]} {[%emt 00:00:34]}
1/2-1/2

[Event "6. Esbjerg Efterår - Esbjergmesterskabet 2023"]
[Site "Rybners HTX"]
[Date "2023.10.21"]
[Round "4.2"]
[White "Rossen, Claus"]
[Black "Skytte, Rasmus"]
[Result "1/2-1/2"]
[WhiteElo "2027"]
[BlackElo "2322"]

1. e4 {[%clk 01:30:58]} c5 {[%clk 01:30:51]} {[%emt 00:00:09]} 2. Nc3 {[%clk
01:30:51]} {[%emt 00:00:37]} Nc6 {[%clk 01:30:47]} {[%emt 00:00:33]} 3. f4
{[%clk 01:31:13]} {[%emt 00:00:09]} g6 {[%clk 01:30:47]} {[%emt 00:00:29]} 4.
Nf3 {[%clk 01:31:35]} {[%emt 00:00:09]} Bg7 {[%clk 01:31:03]} {[%emt 00:00:13]}
5. Bc4 {[%clk 01:31:59]} {[%emt 00:00:07]} e6 {[%clk 01:31:18]} {[%emt
00:00:15]} 6. f5 {[%clk 01:32:22]} {[%emt 00:00:07]} Nge7 {[%clk 01:29:26]}
{[%emt 00:02:22]} 7. fxe6 {[%clk 01:32:22]} {[%emt 00:00:30]} fxe6 {[%clk
01:28:49]} {[%emt 00:01:06]} 8. O-O {[%clk 01:31:29]} {[%emt 00:01:23]} d5
{[%clk 01:22:31]} {[%emt 00:06:49]} 9. Bb5 {[%clk 01:27:27]} {[%emt 00:04:32]}
O-O {[%clk 01:17:04]} {[%emt 00:05:56]} 10. Bxc6 {[%clk 01:23:06]} {[%emt
00:04:52]} Nxc6 {[%clk 01:13:37]} {[%emt 00:03:55]} 11. d3 {[%clk 01:23:25]}
{[%emt 00:00:11]} a6 {[%clk 01:11:23]} {[%emt 00:02:44]} 12. Bg5 {[%clk
01:20:26]} {[%emt 00:03:29]} Qd6 {[%clk 01:10:23]} {[%emt 00:01:30]} 13. Kh1
{[%clk 01:17:16]} {[%emt 00:03:39]} b5 {[%clk 01:09:14]} {[%emt 00:01:41]} 14.
a3 {[%clk 01:13:03]} {[%emt 00:04:44]} Bb7 {[%clk 01:06:25]} {[%emt 00:03:17]}
15. Qe1 {[%clk 01:12:35]} {[%emt 00:00:58]} Nd4 {[%clk 01:04:23]} {[%emt
00:02:32]} 16. Rc1 {[%clk 01:03:16]} {[%emt 00:09:51]} Nxf3 {[%clk 01:02:41]}
{[%emt 00:02:11]} 17. gxf3 {[%clk 01:02:51]} {[%emt 00:00:54]} b4 {[%clk
01:02:01]} {[%emt 00:01:10]} 18. axb4 {[%clk 01:02:18]} {[%emt 00:01:03]} cxb4
{[%clk 01:01:06]} {[%emt 00:01:25]} 19. Na4 {[%clk 00:57:06]} {[%emt 00:05:44]}
Bc6 {[%clk 00:52:00]} {[%emt 00:09:35]} 20. b3 {[%clk 00:55:25]} {[%emt
00:02:12]} Rf7 {[%clk 00:49:07]} {[%emt 00:03:22]} 21. Qg3 {[%clk 00:43:53]}
{[%emt 00:12:02]} Qxg3 {[%clk 00:46:59]} {[%emt 00:02:38]} 22. hxg3 {[%clk
00:44:14]} {[%emt 00:00:10]} Bxa4 {[%clk 00:45:26]} {[%emt 00:02:03]} 23. bxa4
{[%clk 00:44:24]} {[%emt 00:00:19]} Rc8 {[%clk 00:45:50]} {[%emt 00:00:05]} 24.
Rb1 {[%clk 00:32:35]} {[%emt 00:12:19]} a5 {[%clk 00:45:49]} {[%emt 00:00:31]}
25. Rf2 {[%clk 00:33:00]} {[%emt 00:00:05]} Bd4 {[%clk 00:45:47]} {[%emt
00:00:32]} 26. Re2 {[%clk 00:31:18]} {[%emt 00:02:12]} Rxf3 {[%clk 00:44:09]}
{[%emt 00:02:08]} 27. Kg2 {[%clk 00:30:01]} {[%emt 00:01:48]} dxe4 {[%clk
00:40:54]} {[%emt 00:03:45]} 28. Rxe4 {[%clk 00:26:15]} {[%emt 00:04:16]} Rf2+
{[%clk 00:39:32]} {[%emt 00:01:51]} 29. Kh3 {[%clk 00:26:14]} {[%emt 00:00:32]}
e5 {[%clk 00:37:08]} {[%emt 00:02:54]} 30. Be3 {[%clk 00:25:08]} {[%emt
00:01:36]} Bxe3 {[%clk 00:33:04]} {[%emt 00:04:34]} 31. Rxe3 {[%clk 00:25:29]}
{[%emt 00:00:10]} Rcxc2 {[%clk 00:30:51]} {[%emt 00:02:43]} 32. Rxe5 {[%clk
00:24:28]} {[%emt 00:01:31]} h5 {[%clk 00:29:22]} {[%emt 00:01:58]} 33. Kh4
{[%clk 00:22:54]} {[%emt 00:02:05]} Rf3 {[%clk 00:26:04]} {[%emt 00:03:47]} 34.
Rxa5 {[%clk 00:19:12]} {[%emt 00:04:13]} Kg7 {[%clk 00:22:36]} {[%emt
00:03:58]} 35. g4 {[%clk 00:14:13]} {[%emt 00:05:29]} Rf4 {[%clk 00:18:20]}
{[%emt 00:04:45]} 36. Rg1 {[%clk 00:14:30]} {[%emt 00:00:14]} Kh6 {[%clk
00:16:56]} {[%emt 00:01:53]} 37. Kh3 {[%clk 00:14:39]} {[%emt 00:00:21]} Rd2
{[%clk 00:07:28]} {[%emt 00:09:58]} 38. gxh5 {[%clk 00:09:16]} {[%emt
00:05:54]} Rxd3+ {[%clk 00:07:23]} {[%emt 00:00:35]} 39. Rg3 {[%clk 00:09:44]}
{[%emt 00:00:02]} Rxg3+ {[%clk 00:07:18]} {[%emt 00:00:33]} 40. Kxg3 {[%clk
00:10:10]} {[%emt 00:00:05]} g5 {[%clk 00:07:37]} {[%emt 00:00:11]} 41. Rb5
{[%clk 00:10:28]} {[%emt 00:00:14]} Kxh5 {[%clk 00:07:24]} {[%emt 00:00:42]} 42.
a5 {[%clk 00:10:52]} {[%emt 00:00:06]} Rc4 {[%clk 00:07:12]} {[%emt 00:00:41]}
43. a6 {[%clk 00:10:53]} {[%emt 00:00:31]} Rc3+ {[%clk 00:06:37]} {[%emt
00:01:03]} 44. Kf2 {[%clk 00:10:48]} {[%emt 00:00:36]} Ra3 {[%clk 00:06:59]}
{[%emt 00:00:08]} 45. Rxb4 {[%clk 00:11:13]} {[%emt 00:00:05]} Rxa6 {[%clk
00:07:25]} {[%emt 00:00:04]} 46. Kg3 {[%clk 00:11:33]} {[%emt 00:00:09]} Ra3+
{[%clk 00:07:50]} {[%emt 00:00:06]} 47. Kg2 {[%clk 00:11:59]} {[%emt 00:00:04]}
Rc3 {[%clk 00:07:46]} {[%emt 00:00:34]} 48. Ra4 {[%clk 00:12:24]} {[%emt
00:00:06]} g4 {[%clk 00:08:11]} {[%emt 00:00:05]} 49. Ra8 {[%clk 00:12:50]}
{[%emt 00:00:03]} 1/2-1/2

[Event "6. Esbjerg Efterår - Esbjergmesterskabet 2023"]
[Site "Rybners HTX"]
[Date "2023.10.21"]
[Round "4.3"]
[White "Fries Nielsen, Jens Ove"]
[Black "Sandmann, Villads Majvang"]
[Result "1-0"]
[WhiteElo "2398"]
[BlackElo "1977"]

1. e3 {[%clk 01:29:30]} {[%emt 00:01:29]} e5 {[%clk 01:30:21]} {[%emt
00:00:40]} 2. c4 {[%clk 01:29:11]} {[%emt 00:00:49]} Nf6 {[%clk 01:29:15]}
{[%emt 00:01:35]} 3. Nc3 {[%clk 01:27:52]} {[%emt 00:01:49]} c6 {[%clk
01:25:03]} {[%emt 00:04:43]} 4. d4 {[%clk 01:25:12]} {[%emt 00:03:10]} exd4
{[%clk 01:23:19]} {[%emt 00:02:14]} 5. exd4 {[%clk 01:25:28]} {[%emt 00:00:14]}
d5 {[%clk 01:22:14]} {[%emt 00:01:35]} 6. Nf3 {[%clk 01:23:16]} {[%emt
00:02:42]} Be7 {[%clk 01:19:18]} {[%emt 00:03:26]} 7. Qc2 {[%clk 01:21:14]}
{[%emt 00:02:32]} O-O {[%clk 01:18:52]} {[%emt 00:00:56]} 8. Be3 {[%clk
01:19:14]} {[%emt 00:02:30]} Na6 {[%clk 01:08:55]} {[%emt 00:10:27]} 9. a3
{[%clk 01:13:23]} {[%emt 00:06:21]} Nc7 {[%clk 01:06:32]} {[%emt 00:02:52]} 10.
c5 {[%clk 01:12:29]} {[%emt 00:01:24]} Ng4 {[%clk 01:04:45]} {[%emt 00:02:17]}
11. Bd3 {[%clk 01:08:44]} {[%emt 00:04:16]} Nxe3 {[%clk 01:01:03]} {[%emt
00:04:12]} 12. fxe3 {[%clk 01:08:18]} {[%emt 00:00:56]} g6 {[%clk 00:57:58]}
{[%emt 00:03:34]} 13. h4 {[%clk 01:06:57]} {[%emt 00:01:50]} Bg4 {[%clk
00:56:50]} {[%emt 00:01:39]} 14. O-O-O {[%clk 00:58:46]} {[%emt 00:08:41]} Kg7
{[%clk 00:48:55]} {[%emt 00:08:25]} 15. Rdf1 {[%clk 00:56:41]} {[%emt
00:02:35]} Bf6 {[%clk 00:45:31]} {[%emt 00:03:55]} 16. Nh2 {[%clk 00:55:40]}
{[%emt 00:01:31]} Bd7 {[%clk 00:45:09]} {[%emt 00:00:51]} 17. g4 {[%clk
00:51:11]} {[%emt 00:05:00]} Bxh4 {[%clk 00:41:58]} {[%emt 00:03:41]} 18. Nf3
{[%clk 00:51:15]} {[%emt 00:00:25]} Bg5 {[%clk 00:40:45]} {[%emt 00:01:43]} 19.
Nxg5 {[%clk 00:39:16]} {[%emt 00:12:30]} Qxg5 {[%clk 00:41:08]} {[%emt
00:00:07]} 20. Qh2 {[%clk 00:39:42]} {[%emt 00:00:04]} Qxe3+ {[%clk 00:33:43]}
{[%emt 00:07:54]} 21. Kc2 {[%clk 00:39:59]} {[%emt 00:00:13]} h5 {[%clk
00:29:02]} {[%emt 00:05:11]} 22. Qxc7 {[%clk 00:40:01]} {[%emt 00:00:28]} Bxg4
{[%clk 00:29:25]} {[%emt 00:00:07]} 23. Rh2 {[%clk 00:29:21]} {[%emt 00:11:11]}
Qxd4 {[%clk 00:27:01]} {[%emt 00:02:53]} 24. Rhf2 {[%clk 00:29:37]} {[%emt
00:00:14]} Be6 {[%clk 00:27:12]} {[%emt 00:00:18]} 25. Rf4 {[%clk 00:23:15]}
{[%emt 00:06:52]} Qe3 {[%clk 00:23:56]} {[%emt 00:03:45]} 26. R1f3 {[%clk
00:23:24]} {[%emt 00:00:22]} Qe1 {[%clk 00:23:12]} {[%emt 00:01:14]} 27. Qxb7
{[%clk 00:20:16]} {[%emt 00:03:38]} Rab8 {[%clk 00:13:20]} {[%emt 00:10:21]} 28.
Qe7 {[%clk 00:16:02]} {[%emt 00:04:43]} Qg1 {[%clk 00:09:33]} {[%emt 00:04:17]}
29. Rf1 {[%clk 00:15:04]} {[%emt 00:01:29]} Qg2+ {[%clk 00:08:58]} {[%emt
00:01:04]} 30. R4f2 {[%clk 00:15:03]} {[%emt 00:00:32]} Qg3 {[%clk 00:08:45]}
{[%emt 00:00:43]} 31. Qf6+ {[%clk 00:15:04]} {[%emt 00:00:29]} Kg8 {[%clk
00:08:41]} {[%emt 00:00:34]} 32. Ne2 {[%clk 00:14:32]} {[%emt 00:01:02]} Qc7
{[%clk 00:08:23]} {[%emt 00:00:49]} 33. Bxg6 {[%emt 00:04:33]} 1-0

[Event "6. Esbjerg Efterår - Esbjergmesterskabet 2023"]
[Site "Rybners HTX"]
[Date "2023.10.21"]
[Round "4.4"]
[White "Rødgaard, John"]
[Black "Topholm, Morten"]
[Result "1-0"]
[WhiteElo "2285"]
[BlackElo "2009"]

1. Nf3 {[%clk 01:26:14]} {[%emt 00:04:43]} Nf6 {[%clk 01:30:49]} {[%emt
00:00:14]} 2. c4 {[%clk 01:24:07]} {[%emt 00:02:37]} g6 {[%clk 01:31:16]}
{[%emt 00:00:04]} 3. b4 {[%clk 01:17:16]} {[%emt 00:07:20]} Bg7 {[%clk
01:30:33]} {[%emt 00:01:13]} 4. Bb2 {[%clk 01:17:37]} {[%emt 00:00:09]} a5
{[%clk 01:30:07]} {[%emt 00:00:57]} 5. b5 {[%clk 01:14:01]} {[%emt 00:04:05]}
c6 {[%clk 01:29:01]} {[%emt 00:01:37]} 6. e3 {[%clk 01:06:37]} {[%emt
00:07:53]} cxb5 {[%clk 01:23:43]} {[%emt 00:05:48]} 7. cxb5 {[%clk 01:06:45]}
{[%emt 00:00:19]} b6 {[%clk 01:24:04]} {[%emt 00:00:12]} 8. Be2 {[%clk
01:02:22]} {[%emt 00:04:51]} Bb7 {[%clk 01:24:25]} {[%emt 00:00:10]} 9. O-O
{[%clk 00:59:58]} {[%emt 00:02:54]} O-O {[%clk 01:23:17]} {[%emt 00:01:39]} 10.
Nc3 {[%clk 00:49:32]} {[%emt 00:10:55]} d6 {[%clk 01:20:14]} {[%emt 00:03:33]}
11. d4 {[%clk 00:43:59]} {[%emt 00:06:03]} Nbd7 {[%clk 01:20:27]} {[%emt
00:00:18]} 12. Qb3 {[%clk 00:39:25]} {[%emt 00:05:03]} Rc8 {[%clk 01:17:26]}
{[%emt 00:03:31]} 13. Rac1 {[%clk 00:36:47]} {[%emt 00:03:07]} Qc7 {[%clk
01:16:56]} {[%emt 00:01:01]} 14. Nd2 {[%clk 00:29:02]} {[%emt 00:08:15]} Qb8
{[%clk 01:10:35]} {[%emt 00:06:51]} 15. Rc2 {[%clk 00:26:24]} {[%emt 00:03:07]}
Qa8 {[%clk 01:03:12]} {[%emt 00:07:54]} 16. Bf3 {[%clk 00:23:36]} {[%emt
00:03:17]} d5 {[%clk 00:45:36]} {[%emt 00:18:07]} 17. Rfc1 {[%clk 00:21:27]}
{[%emt 00:02:38]} e5 {[%clk 00:40:51]} {[%emt 00:05:15]} 18. Na4 {[%clk
00:20:00]} {[%emt 00:01:57]} Ne4 {[%clk 00:31:11]} {[%emt 00:10:11]} 19. Bxe4
{[%clk 00:14:52]} {[%emt 00:05:39]} dxe4 {[%clk 00:31:37]} {[%emt 00:00:04]} 20.
dxe5 {[%clk 00:14:40]} {[%emt 00:00:40]} Rxc2 {[%clk 00:24:50]} {[%emt
00:07:17]} 21. Qxc2 {[%clk 00:14:33]} {[%emt 00:00:37]} Bd5 {[%clk 00:24:51]}
{[%emt 00:00:29]} 22. Bd4 {[%clk 00:13:15]} {[%emt 00:01:47]} Qb8 {[%clk
00:23:42]} {[%emt 00:01:39]} 23. Qc7 {[%clk 00:08:37]} {[%emt 00:05:07]} Nxe5
{[%clk 00:21:11]} {[%emt 00:03:03]} 24. Nxb6 {[%clk 00:08:07]} {[%emt
00:01:00]} Bxa2 {[%clk 00:17:52]} {[%emt 00:03:49]} 25. Nxe4 {[%clk 00:08:26]}
{[%emt 00:00:10]} Qe8 {[%clk 00:12:23]} {[%emt 00:06:00]} 26. Nd6 {[%clk
00:06:35]} {[%emt 00:02:21]} Qe6 {[%clk 00:12:42]} {[%emt 00:00:10]} 27. Nbc8
{[%clk 00:05:40]} {[%emt 00:01:25]} Qg4 {[%clk 00:11:07]} {[%emt 00:02:06]} 28.
Ne7+ {[%clk 00:05:15]} {[%emt 00:00:54]} Kh8 {[%clk 00:11:22]} {[%emt
00:00:17]} 29. Bxe5 {[%clk 00:05:12]} {[%emt 00:00:32]} Bxe5 {[%clk 00:11:09]}
{[%emt 00:00:42]} 30. Nxf7+ {[%clk 00:05:33]} {[%emt 00:00:09]} Bxf7 {[%clk
00:10:59]} {[%emt 00:00:41]} 31. Qxe5# {[%clk 00:04:28]} {[%emt 00:00:04]} 1-0